00467nam a22001577a 4500003000500000005001700005008004100022020001800063040000600081082002000087100001800107245010800125260003400233300000900267650003300276CEME20210628203612.0210316b xxu||||| |||| 00| 0 eng d a3-540-50426-5 c. a621.822 P MAG'S aSchweitzer, G aMagnetic bearings , proceedings of the first international symposium eth zurich switzerland june 6-8-88 aBERLINbSPRINGER VERLAGc1989 a390P aMAGNETIC BEARINGS CONGRESSES